Một số tư liệu mới về chủ tịch Hồ Chí Minh trên báo Cứu Quốc

Sách gồm 79 bài báo trong đó có 10 bài có tính chất phụ lục viết về chủ tịch Hồ Chí Minh trên báo Cứu Quốc

Salvato in:
Dettagli Bibliografici
Natura: Libro
Lingua:Undetermined
Pubblicazione: Thành phố Hồ Chí Minh Văn hóa - Văn nghệ 2014
Soggetti:
Tags: Aggiungi Tag
Nessun Tag, puoi essere il primo ad aggiungerne! !
Thư viện lưu trữ: Trung tâm Học liệu Trường Đại học Cần Thơ
LEADER 00853nam a2200205Ia 4500
001 CTU_196519
008 210402s9999 xx 000 0 und d
020 |c 130000 
082 |a 959.704092 
082 |b M458 
245 0 |a Một số tư liệu mới về chủ tịch Hồ Chí Minh trên báo Cứu Quốc 
245 0 |c Vũ Văn Sạch (Sưu tầm và chỉnh lý) 
260 |a Thành phố Hồ Chí Minh 
260 |b Văn hóa - Văn nghệ 
260 |c 2014 
520 |a Sách gồm 79 bài báo trong đó có 10 bài có tính chất phụ lục viết về chủ tịch Hồ Chí Minh trên báo Cứu Quốc 
650 |a Ho Chi Minh,Hồ Chí Minh 
650 |x Biography,Tiểu sử 
904 |i Hải 
980 |a Trung tâm Học liệu Trường Đại học Cần Thơ